Milwaukee Brewers Retired Numbers - Statistics

General Stats
  • This quiz has been taken 40 times
  • The average score is 5 of 6
Answer Stats
Hint Answer % Correct
#4 Paul Molitor
97%
#19 Robin Yount
97%
#42 Jackie Robinson
84%
#34 Rollie Fingers
81%
#44 Hank Aaron
71%
#1 Bud Selig
52%
No matching quizzes found
Score Distribution
Percent of People with Each Score
Percentile by Number Answered
Your Score History
You have not taken this quiz